[Event "Poznan Chess Festival"]
[Site "chess24.com"]
[Date "2021.08.15"]
[Round "1"]
[White "Czyzewski, Olgierd"]
[Black "Zakrzewska, Joanna"]
[Result "0-1"]
[Board "33"]
[WhiteElo "1104"]
[WhiteCountry "POL"]
[WhiteFideId "21899690"]
[WhiteEloChange "-2"]
[BlackElo "1736"]
[BlackCountry "POL"]
[BlackFideId "1170112"]
[BlackEloChange "2"]

1. c4 {[%clk 1:30:30]} c5 {[%clk 1:30:30]} 2. g3 {[%clk 1:30:30]} Nc6 {[%clk
1:30:30]} 3. Bg2 {[%clk 1:30:30]} e5 {[%clk 1:30:30]} 4. Nc3 {[%clk 1:30:30]} g6
{[%clk 1:30:30]} 5. e3 {[%clk 1:30:30]} Bg7 {[%clk 1:30:30]} 6. Nge2 {[%clk
1:30:30]} Nge7 {[%clk 1:30:30]} 7. O-O {[%clk 1:30:30]} O-O {[%clk 1:30:30]} 8.
a3 {[%clk 1:30:30]} d6 {[%clk 1:30:30]} 9. Nd5 {[%clk 1:30:30]} Nxd5 {[%clk
1:30:30]} 10. cxd5 {[%clk 1:30:30]} Ne7 {[%clk 1:30:30]} 11. d4 {[%clk 1:30:30]}
exd4 {[%clk 1:30:30]} 12. exd4 {[%clk 1:30:30]} Nf5 {[%clk 1:30:30]} 13. dxc5
{[%clk 1:30:30]} dxc5 {[%clk 1:30:30]} 14. Rb1 {[%clk 1:30:30]} Nd6 {[%clk
1:30:30]} 15. b4 {[%clk 1:30:30]} Bf5 {[%clk 1:30:30]} 16. Bb2 {[%clk 1:30:30]}
Bxb1 {[%clk 1:30:30]} 17. Bxg7 {[%clk 1:30:30]} Kxg7 {[%clk 1:30:30]} 18. bxc5
{[%clk 1:30:30]} Be4 {[%clk 1:30:30]} 19. Qd4+ {[%clk 1:30:30]} Qf6 {[%clk
1:30:30]} 20. cxd6 {[%clk 1:30:30]} Qxd4 {[%clk 1:30:30]} 21. Nxd4 {[%clk
1:30:30]} Bxg2 {[%clk 1:30:30]} 22. Kxg2 {[%clk 1:30:30]} Rfd8 {[%clk 1:30:30]}
23. Nb5 {[%clk 1:30:30]} a6 {[%clk 1:30:30]} 24. Nc7 {[%clk 1:30:30]} Rac8 {[%clk
1:30:30]} 25. Rc1 {[%clk 1:30:30]} Kf6 {[%clk 1:30:30]} 26. Ne8+ {[%clk 1:30:30]}
Ke5 {[%clk 1:30:30]} 27. Rd1 {[%clk 1:30:30]} Rc2 {[%clk 1:30:30]} 28. Re1+
{[%clk 1:30:30]} Kxd5 {[%clk 1:30:30]} 29. Re7 {[%clk 1:30:30]} b5 {[%clk
1:30:30]} 30. d7 {[%clk 1:30:30]} Kc6 {[%clk 1:30:30]} 31. Nf6 {[%clk 1:30:30]}
Rd2 {[%clk 1:30:30]} 32. Rxf7 {[%clk 1:30:30]} Rd6 {[%clk 1:30:30]} 33. Ng4
{[%clk 1:30:30]} h5 {[%clk 1:30:30]} 34. Ne5+ {[%clk 1:30:30]} Kd5 {[%clk
1:30:30]} 35. f4 {[%clk 1:30:30]} a5 {[%clk 1:30:30]} 36. Re7 {[%clk 1:30:30]} b4
{[%clk 1:30:30]} 37. axb4 {[%clk 1:30:30]} axb4 {[%clk 1:30:30]} 38. Nd3 {[%clk
1:30:30]} Kc4 {[%clk 1:30:30]} 39. Re8 {[%clk 1:30:30]} R6xd7 {[%clk 1:30:30]}
40. Ne5+ {[%clk 1:30:30]} Kc3 {[%clk 1:30:30]} 41. Nxd7 {[%clk 1:30:30]} Rxe8
{[%clk 1:30:30]} 42. Nc5 {[%clk 1:30:30]} Kc4 {[%clk 1:30:30]} 43. Na4 {[%clk
1:30:30]} b3 {[%clk 1:30:30]} 44. g4 {[%clk 1:30:30]} Kb4 {[%clk 1:30:30]} 45.
Nb2 {[%clk 1:30:30]} Re2+ {[%clk 1:30:30]} 46. Kh3 {[%clk 1:30:30]} hxg4+ {[%clk
1:30:30]} 47. Kxg4 {[%clk 1:30:30]} Rxb2 {[%clk 1:30:30]} 0-1

[Event "Poznan Chess Festival"]
[Site "chess24.com"]
[Date "2021.08.15"]
[Round "1"]
[White "Jaworski, Mateusz"]
[Black "Czyzewski, Leon"]
[Result "1-0"]
[Board "34"]
[WhiteElo "1712"]
[WhiteCountry "POL"]
[WhiteFideId "1141155"]
[WhiteEloChange "2"]
[BlackElo "1086"]
[BlackCountry "POL"]
[BlackFideId "21007314"]
[BlackEloChange "-2"]

1. e4 {[%clk 1:30:30]} c5 {[%clk 1:30:30]} 2. Nf3 {[%clk 1:30:30]} g6 {[%clk
1:30:30]} 3. d4 {[%clk 1:30:30]} cxd4 {[%clk 1:30:30]} 4. Nxd4 {[%clk 1:30:30]}
Nc6 {[%clk 1:30:30]} 5. Nxc6 {[%clk 1:30:30]} bxc6 {[%clk 1:30:30]} 6. Qd4 {[%clk
1:30:30]} Nf6 {[%clk 1:30:30]} 7. e5 {[%clk 1:30:30]} Qa5+ {[%clk 1:30:30]} 8.
Bd2 {[%clk 1:30:30]} Qd5 {[%clk 1:30:30]} 9. Qxd5 {[%clk 1:30:30]} Nxd5 {[%clk
1:30:30]} 10. c4 {[%clk 1:30:30]} Nb6 {[%clk 1:30:30]} 11. Bc3 {[%clk 1:30:30]}
Bg7 {[%clk 1:30:30]} 12. a4 {[%clk 1:30:30]} d5 {[%clk 1:30:30]} 13. exd6 {[%clk
1:30:30]} Bxc3+ {[%clk 1:30:30]} 14. Nxc3 {[%clk 1:30:30]} exd6 {[%clk 1:30:30]}
15. O-O-O {[%clk 1:30:30]} d5 {[%clk 1:30:30]} 16. cxd5 {[%clk 1:30:30]} cxd5
{[%clk 1:30:30]} 17. Nxd5 {[%clk 1:30:30]} O-O {[%clk 1:30:30]} 18. Nxb6 {[%clk
1:30:30]} axb6 {[%clk 1:30:30]} 19. Bb5 {[%clk 1:30:30]} Be6 {[%clk 1:30:30]} 20.
Rd6 {[%clk 1:30:30]} Rfc8+ {[%clk 1:30:30]} 21. Kd2 {[%clk 1:30:30]} Bb3 {[%clk
1:30:30]} 22. Rc1 {[%clk 1:30:30]} Rxc1 {[%clk 1:30:30]} 23. Kxc1 {[%clk
1:30:30]} Rc8+ {[%clk 1:30:30]} 24. Kb1 {[%clk 1:30:30]} Rc5 {[%clk 1:30:30]} 25.
Rxb6 {[%clk 1:30:30]} Re5 {[%clk 1:30:30]} 26. Rc6 {[%clk 1:30:30]} Re1+ {[%clk
1:30:30]} 27. Rc1 {[%clk 1:30:30]} Re4 {[%clk 1:30:30]} 28. f3 {[%clk 1:30:30]}
Rd4 {[%clk 1:30:30]} 29. a5 {[%clk 1:30:30]} Rd5 {[%clk 1:30:30]} 30. Bc4 {[%clk
1:30:30]} Bxc4 {[%clk 1:30:30]} 31. Rxc4 {[%clk 1:30:30]} Rxa5 {[%clk 1:30:30]}
32. b4 {[%clk 1:30:30]} Rb5 {[%clk 1:30:30]} 33. Kc2 {[%clk 1:30:30]} Kf8 {[%clk
1:30:30]} 34. Kb3 {[%clk 1:30:30]} Ke7 {[%clk 1:30:30]} 35. Rc7+ {[%clk 1:30:30]}
Ke6 {[%clk 1:30:30]} 36. Kc4 {[%clk 1:30:30]} Rf5 {[%clk 1:30:30]} 37. b5 {[%clk
1:30:30]} Kd6 {[%clk 1:30:30]} 38. Rc6+ {[%clk 1:30:30]} Kd7 {[%clk 1:30:30]} 39.
Kb4 {[%clk 1:30:30]} Rh5 {[%clk 1:30:30]} 40. h3 {[%clk 1:30:30]} Rg5 {[%clk
1:30:30]} 41. Rc2 {[%clk 1:30:30]} Rd5 {[%clk 1:30:30]} 42. Ka5 {[%clk 1:30:30]}
Rd1 {[%clk 1:30:30]} 43. Kb6 {[%clk 1:30:30]} Rb1 {[%clk 1:30:30]} 44. Ka6 {[%clk
1:30:30]} Ra1+ {[%clk 1:30:30]} 45. Kb7 {[%clk 1:30:30]} Rb1 {[%clk 1:30:30]} 46.
b6 {[%clk 1:30:30]} Ra1 {[%clk 1:30:30]} 47. Rc7+ {[%clk 1:30:30]} Ke8 {[%clk
1:30:30]} 48. Kb8 {[%clk 1:30:30]} 1-0

[Event "Poznan Chess Festival"]
[Site "chess24.com"]
[Date "2021.08.15"]
[Round "1"]
[White "Lesien, Chryzostom"]
[Black "Hladun, Bartlomiej"]
[Result "0-1"]
[Board "35"]
[WhiteElo "1063"]
[WhiteCountry "POL"]
[WhiteFideId "21836892"]
[WhiteEloChange "-2"]
[BlackElo "1639"]
[BlackCountry "POL"]
[BlackFideId "21802467"]
[BlackEloChange "2"]

1. e4 {[%clk 1:30:30]} c5 {[%clk 1:30:30]} 2. Nf3 {[%clk 1:30:30]} g6 {[%clk
1:30:30]} 3. Bc4 {[%clk 1:30:30]} Bg7 {[%clk 1:30:30]} 4. O-O {[%clk 1:30:30]}
Nc6 {[%clk 1:30:30]} 5. d3 {[%clk 1:30:30]} d6 {[%clk 1:30:30]} 6. a3 {[%clk
1:30:30]} Nf6 {[%clk 1:30:30]} 7. Nc3 {[%clk 1:30:30]} O-O {[%clk 1:30:30]} 8.
Be3 {[%clk 1:30:30]} Bg4 {[%clk 1:30:30]} 9. h3 {[%clk 1:30:30]} Bxf3 {[%clk
1:30:30]} 10. Qxf3 {[%clk 1:30:30]} Ne5 {[%clk 1:30:30]} 11. Qe2 {[%clk 1:30:30]}
Nxc4 {[%clk 1:30:30]} 12. dxc4 {[%clk 1:30:30]} Nd7 {[%clk 1:30:30]} 13. Bd2
{[%clk 1:30:30]} Nb8 {[%clk 1:30:30]} 14. Nd1 {[%clk 1:30:30]} Nc6 {[%clk
1:30:30]} 15. Bc3 {[%clk 1:30:30]} Qd7 {[%clk 1:30:30]} 16. Bxg7 {[%clk 1:30:30]}
Kxg7 {[%clk 1:30:30]} 17. c3 {[%clk 1:30:30]} Qe6 {[%clk 1:30:30]} 18. f3 {[%clk
1:30:30]} f5 {[%clk 1:30:30]} 19. b4 {[%clk 1:30:30]} f4 {[%clk 1:30:30]} 20. Qd3
{[%clk 1:30:30]} cxb4 {[%clk 1:30:30]} 21. cxb4 {[%clk 1:30:30]} Ne5 {[%clk
1:30:30]} 22. Qd5 {[%clk 1:30:30]} Qxd5 {[%clk 1:30:30]} 23. cxd5 {[%clk
1:30:30]} Rac8 {[%clk 1:30:30]} 24. Nf2 {[%clk 1:30:30]} Rc3 {[%clk 1:30:30]} 25.
Rfc1 {[%clk 1:30:30]} Rfc8 {[%clk 1:30:30]} 26. Rxc3 {[%clk 1:30:30]} Rxc3 {[%clk
1:30:30]} 27. Nd1 {[%clk 1:30:30]} Rc2 {[%clk 1:30:30]} 28. a4 {[%clk 1:30:30]}
Kh6 {[%clk 1:30:30]} 29. Nf2 {[%clk 1:30:30]} Kg5 {[%clk 1:30:30]} 30. b5 {[%clk
1:30:30]} h5 {[%clk 1:30:30]} 31. a5 {[%clk 1:30:30]} Rb2 {[%clk 1:30:30]} 32. b6
{[%clk 1:30:30]} axb6 {[%clk 1:30:30]} 33. axb6 {[%clk 1:30:30]} Rxb6 {[%clk
1:30:30]} 34. Rc1 {[%clk 1:30:30]} Kf6 {[%clk 1:30:30]} 35. h4 {[%clk 1:30:30]}
Rb3 {[%clk 1:30:30]} 36. Nh3 {[%clk 1:30:30]} Nd3 {[%clk 1:30:30]} 37. Rd1 {[%clk
1:30:30]} b5 {[%clk 1:30:30]} 38. Nf2 {[%clk 1:30:30]} Nxf2 {[%clk 1:30:30]} 39.
Kxf2 {[%clk 1:30:30]} Rb2+ {[%clk 1:30:30]} 40. Kg1 {[%clk 1:30:30]} b4 {[%clk
1:30:30]} 41. Kh2 {[%clk 1:30:30]} b3 {[%clk 1:30:30]} 42. Rc1 {[%clk 1:30:30]}
Rc2 {[%clk 1:30:30]} 43. Rb1 {[%clk 1:30:30]} b2 {[%clk 1:30:30]} 44. Kh3 {[%clk
1:30:30]} Rc1 {[%clk 1:30:30]} 45. Rxb2 {[%clk 1:30:30]} Rh1# {[%clk 1:30:30]}
0-1

[Event "Poznan Chess Festival"]
[Site "chess24.com"]
[Date "2021.08.15"]
[Round "1"]
[White "Litke, Slawomir"]
[Black "Nowak, Bartlomiej"]
[Result "1-0"]
[Board "36"]
[WhiteElo "1623"]
[WhiteCountry "POL"]
[WhiteFideId "21882282"]
[WhiteEloChange "2"]
[BlackElo "1063"]
[BlackCountry "POL"]
[BlackFideId "21093148"]
[BlackEloChange "-2"]

1. e4 {[%clk 1:30:30]} c6 {[%clk 1:30:30]} 2. Nf3 {[%clk 1:30:30]} d5 {[%clk
1:30:30]} 3. Nc3 {[%clk 1:30:30]} Bg4 {[%clk 1:30:30]} 4. h3 {[%clk 1:30:30]}
Bxf3 {[%clk 1:30:30]} 5. Qxf3 {[%clk 1:30:30]} e6 {[%clk 1:30:30]} 6. Be2 {[%clk
1:30:30]} Bd6 {[%clk 1:30:30]} 7. d4 {[%clk 1:30:30]} Ne7 {[%clk 1:30:30]} 8. O-O
{[%clk 1:30:30]} Nd7 {[%clk 1:30:30]} 9. Bd3 {[%clk 1:30:30]} a6 {[%clk 1:30:30]}
10. e5 {[%clk 1:30:30]} Bc7 {[%clk 1:30:30]} 11. Ne2 {[%clk 1:30:30]} c5 {[%clk
1:30:30]} 12. c3 {[%clk 1:30:30]} c4 {[%clk 1:30:30]} 13. Bc2 {[%clk 1:30:30]} b5
{[%clk 1:30:30]} 14. Bd2 {[%clk 1:30:30]} Nc6 {[%clk 1:30:30]} 15. a4 {[%clk
1:30:30]} f6 {[%clk 1:30:30]} 16. Qh5+ {[%clk 1:30:30]} Kf8 {[%clk 1:30:30]} 17.
Nf4 {[%clk 1:30:30]} Qe7 {[%clk 1:30:30]} 18. Ng6+ {[%clk 1:30:30]} hxg6 {[%clk
1:30:30]} 19. Qxh8+ {[%clk 1:30:30]} Kf7 {[%clk 1:30:30]} 20. Qxa8 {[%clk
1:30:30]} Ndb8 {[%clk 1:30:30]} 21. axb5 {[%clk 1:30:30]} axb5 {[%clk 1:30:30]}
22. Qb7 {[%clk 1:30:30]} fxe5 {[%clk 1:30:30]} 23. dxe5 {[%clk 1:30:30]} Nxe5
{[%clk 1:30:30]} 24. Ra7 {[%clk 1:30:30]} Nec6 {[%clk 1:30:30]} 25. Qxc7 {[%clk
1:30:30]} Nxa7 {[%clk 1:30:30]} 26. Qxb8 {[%clk 1:30:30]} Nc6 {[%clk 1:30:30]}
27. Qg3 {[%clk 1:30:30]} d4 {[%clk 1:30:30]} 28. Bxg6+ {[%clk 1:30:30]} Kf8
{[%clk 1:30:30]} 29. cxd4 {[%clk 1:30:30]} Qf6 {[%clk 1:30:30]} 30. Qd6+ {[%clk
1:30:30]} Kg8 {[%clk 1:30:30]} 31. Qxc6 {[%clk 1:30:30]} Qxg6 {[%clk 1:30:30]}
32. d5 {[%clk 1:30:30]} Qd3 {[%clk 1:30:30]} 33. dxe6 {[%clk 1:30:30]} Kf8 {[%clk
1:30:30]} 34. Bb4+ {[%clk 1:30:30]} Kg8 {[%clk 1:30:30]} 35. Qe8+ {[%clk
1:30:30]} Kh7 {[%clk 1:30:30]} 36. Qh5+ {[%clk 1:30:30]} Kg8 {[%clk 1:30:30]} 37.
e7 {[%clk 1:30:30]} g6 {[%clk 1:30:30]} 38. e8=R+ {[%clk 1:30:30]} Kf7 {[%clk
1:30:30]} 39. Qe5 {[%clk 1:30:30]} Qd7 {[%clk 1:30:30]} 40. Rf8# {[%clk 1:30:30]}
1-0

[Event "Poznan Chess Festival"]
[Site "chess24.com"]
[Date "2021.08.15"]
[Round "1"]
[White "Nowak, Samuel"]
[Black "Krych, Dominik"]
[Result "0-1"]
[Board "37"]
[WhiteElo "1054"]
[WhiteCountry "POL"]
[WhiteFideId "21097909"]
[WhiteEloChange "-2"]
[BlackElo "1617"]
[BlackCountry "POL"]
[BlackFideId "21039070"]
[BlackEloChange "2"]

1. c4 {[%clk 1:30:30]} Nf6 {[%clk 1:30:30]} 2. Nc3 {[%clk 1:30:30]} g6 {[%clk
1:30:30]} 3. Nf3 {[%clk 1:30:30]} Bg7 {[%clk 1:30:30]} 4. g3 {[%clk 1:30:30]} O-O
{[%clk 1:30:30]} 5. Bg2 {[%clk 1:30:30]} c6 {[%clk 1:30:30]} 6. O-O {[%clk
1:30:30]} d5 {[%clk 1:30:30]} 7. cxd5 {[%clk 1:30:30]} cxd5 {[%clk 1:30:30]} 8.
d4 {[%clk 1:30:30]} Nc6 {[%clk 1:30:30]} 9. e3 {[%clk 1:30:30]} Bf5 {[%clk
1:30:30]} 10. a3 {[%clk 1:30:30]} Na5 {[%clk 1:30:30]} 11. Re1 {[%clk 1:30:30]}
Qb6 {[%clk 1:30:30]} 12. b4 {[%clk 1:30:30]} Nc4 {[%clk 1:30:30]} 13. Nd2 {[%clk
1:30:30]} Rfd8 {[%clk 1:30:30]} 14. Nxc4 {[%clk 1:30:30]} dxc4 {[%clk 1:30:30]}
15. Bb2 {[%clk 1:30:30]} e5 {[%clk 1:30:30]} 16. Na4 {[%clk 1:30:30]} Qb5 {[%clk
1:30:30]} 17. Nc3 {[%clk 1:30:30]} Qa6 {[%clk 1:30:30]} 18. Qa4 {[%clk 1:30:30]}
Qxa4 {[%clk 1:30:30]} 19. Nxa4 {[%clk 1:30:30]} exd4 {[%clk 1:30:30]} 20. Bxd4
{[%clk 1:30:30]} Ne4 {[%clk 1:30:30]} 21. Bxg7 {[%clk 1:30:30]} Kxg7 {[%clk
1:30:30]} 22. Rac1 {[%clk 1:30:30]} Rd2 {[%clk 1:30:30]} 23. Bxe4 {[%clk
1:30:30]} Bxe4 {[%clk 1:30:30]} 24. Rxc4 {[%clk 1:30:30]} Bc6 {[%clk 1:30:30]}
25. Nc5 {[%clk 1:30:30]} Rad8 {[%clk 1:30:30]} 26. Rcc1 {[%clk 1:30:30]} Ra2
{[%clk 1:30:30]} 27. Ra1 {[%clk 1:30:30]} Rdd2 {[%clk 1:30:30]} 28. Rxa2 {[%clk
1:30:30]} Rxa2 {[%clk 1:30:30]} 29. Rb1 {[%clk 1:30:30]} b6 {[%clk 1:30:30]} 30.
b5 {[%clk 1:30:30]} Bd5 {[%clk 1:30:30]} 31. Na6 {[%clk 1:30:30]} Rxa3 {[%clk
1:30:30]} 32. Rc1 {[%clk 1:30:30]} Rb3 {[%clk 1:30:30]} 33. Ra1 {[%clk 1:30:30]}
Bf3 {[%clk 1:30:30]} 34. Nc7 {[%clk 1:30:30]} h5 {[%clk 1:30:30]} 35. h3 {[%clk
1:30:30]} Rb2 {[%clk 1:30:30]} 36. g4 {[%clk 1:30:30]} h4 {[%clk 1:30:30]} 37. g5
{[%clk 1:30:30]} Kf8 {[%clk 1:30:30]} 0-1

[Event "Poznan Chess Festival"]
[Site "chess24.com"]
[Date "2021.08.15"]
[Round "2"]
[White "Chojnacki, Krzysztof"]
[Black "Mackiewicz, Piotr"]
[Result "1-0"]
[Board "1"]
[WhiteElo "2381"]
[WhiteTitle "IM"]
[WhiteCountry "POL"]
[WhiteFideId "1114115"]
[WhiteEloChange "2"]
[BlackElo "1771"]
[BlackCountry "POL"]
[BlackFideId "1139657"]
[BlackEloChange "-2"]

1. d4 {[%clk 1:30:57]} e6 {[%clk 1:30:51]} 2. c4 {[%clk 1:29:56]} Bb4+ {[%clk
1:29:49]} 3. Bd2 {[%clk 1:30:03]} Bxd2+ {[%clk 1:28:05]} 4. Qxd2 {[%clk 1:30:03]}
d5 {[%clk 1:28:25]} 5. Nc3 {[%clk 1:27:59]} Nf6 {[%clk 1:28:39]} 6. Nf3 {[%clk
1:25:57]} b6 {[%clk 1:23:37]} 7. cxd5 {[%clk 1:21:23]} exd5 {[%clk 1:23:50]} 8.
e3 {[%clk 1:21:34]} Nbd7 {[%clk 1:20:31]} 9. Bb5 {[%clk 1:14:59]} Bb7 {[%clk
1:20:21]} 10. Ne5 {[%clk 1:14:24]} O-O {[%clk 1:18:30]} 11. Bc6 {[%clk 1:12:05]}
Nxe5 {[%clk 1:13:41]} 12. Bxb7 {[%clk 1:10:53]} Nc4 {[%clk 1:14:07]} 13. Qe2
{[%clk 1:04:42]} Rb8 {[%clk 1:12:26]} 14. Bxd5 {[%clk 1:04:29]} Nxe3 {[%clk
1:05:17]} 15. Bxf7+ {[%clk 1:01:40]} Rxf7 {[%clk 1:05:04]} 16. fxe3 {[%clk
1:02:05]} b5 {[%clk 0:46:33]} 17. O-O {[%clk 0:56:28]} b4 {[%clk 0:46:43]} 18.
Na4 {[%clk 0:56:03]} Qd5 {[%clk 0:46:08]} 19. Nc5 {[%clk 0:54:13]} Re7 {[%clk
0:45:30]} 20. Qd3 {[%clk 0:50:48]} Rbe8 {[%clk 0:39:29]} 21. Rf3 {[%clk 0:48:25]}
Qg5 {[%clk 0:28:43]} 22. Rg3 {[%clk 0:41:54]} Qh6 {[%clk 0:23:08]} 23. Re1 {[%clk
0:40:18]} Qh4 {[%clk 0:20:30]} 24. Rf1 {[%clk 0:37:58]} Qh6 {[%clk 0:16:37]} 25.
e4 {[%clk 0:26:26]} Nxe4 {[%clk 0:12:28]} 26. Qc4+ {[%clk 0:22:55]} Kh8 {[%clk
0:12:25]} 27. Nxe4 {[%clk 0:23:04]} Rxe4 {[%clk 0:12:42]} 28. Qxb4 {[%clk
0:22:12]} g6 {[%clk 0:05:17]} 29. Rgf3 {[%clk 0:21:31]} Qh4 {[%clk 0:04:33]} 30.
Rf8+ {[%clk 0:20:31]} Kg7 {[%clk 0:04:57]} 31. Rxe8 {[%clk 0:18:10]} Rxe8 {[%clk
0:05:12]} 32. Qc5 {[%clk 0:18:19]} Kh6 {[%clk 0:03:21]} 33. h3 {[%clk 0:16:52]}
Re1 {[%clk 0:02:02]} 34. Qf8+ {[%clk 0:17:02]} Kh5 {[%clk 0:01:14]} 35. g4+
{[%clk 0:17:18]} 1-0

[Event "Poznan Chess Festival"]
[Site "chess24.com"]
[Date "2021.08.15"]
[Round "2"]
[White "Kowalewicz, Kacper"]
[Black "Stempin, Pawel"]
[Result "1/2-1/2"]
[Board "2"]
[WhiteElo "1778"]
[WhiteCountry "POL"]
[WhiteFideId "1151339"]
[WhiteEloChange "8"]
[BlackElo "2356"]
[BlackTitle "IM"]
[BlackCountry "POL"]
[BlackFideId "1100068"]
[BlackEloChange "-8"]

1. Nf3 {[%clk 1:30:55]} Nf6 {[%clk 1:29:49]} 2. g3 {[%clk 1:30:43]} d5 {[%clk
1:28:04]} 3. Bg2 {[%clk 1:31:02]} c6 {[%clk 1:27:44]} 4. d3 {[%clk 1:29:51]} Bg4
{[%clk 1:27:31]} 5. Nbd2 {[%clk 1:29:50]} Nbd7 {[%clk 1:27:11]} 6. O-O {[%clk
1:28:16]} e5 {[%clk 1:25:47]} 7. e4 {[%clk 1:22:44]} dxe4 {[%clk 1:22:10]} 8.
Nxe4 {[%clk 1:22:42]} Nxe4 {[%clk 1:21:52]} 9. dxe4 {[%clk 1:23:08]} Bc5 {[%clk
1:22:04]} 10. c3 {[%clk 1:23:18]} O-O {[%clk 1:21:53]} 11. Qc2 {[%clk 1:23:32]}
Qe7 {[%clk 1:19:23]} 12. b4 {[%clk 1:22:04]} Bb6 {[%clk 1:18:47]} 13. Re1 {[%clk
1:16:04]} a5 {[%clk 1:18:12]} 14. a4 {[%clk 1:15:07]} c5 {[%clk 1:13:45]} 15. b5
{[%clk 1:15:01]} c4 {[%clk 1:11:29]} 16. Nd2 {[%clk 1:11:47]} Rfc8 {[%clk
1:11:03]} 17. Nf1 {[%clk 1:07:30]} Be6 {[%clk 1:00:14]} 18. Ne3 {[%clk 1:07:23]}
Bxe3 {[%clk 0:54:57]} 19. Bxe3 {[%clk 1:07:45]} Nc5 {[%clk 0:54:17]} 20. Bxc5
{[%clk 1:08:09]} Qxc5 {[%clk 0:54:36]} 21. Red1 {[%clk 1:06:02]} Rd8 {[%clk
0:54:11]} 22. Bf3 {[%clk 1:05:02]} g6 {[%clk 0:53:36]} 23. Ra2 {[%clk 0:55:06]}
Kg7 {[%clk 0:51:20]} 24. Qc1 {[%clk 0:54:41]} Qb6 {[%clk 0:42:56]} 25. Rad2
{[%clk 0:54:18]} h6 {[%clk 0:42:26]} 26. Rxd8 {[%clk 0:46:57]} Rxd8 {[%clk
0:42:46]} 27. Rxd8 {[%clk 0:47:06]} Qxd8 {[%clk 0:43:06]} 28. Qd1 {[%clk
0:47:18]} Qxd1+ {[%clk 0:41:28]} 29. Bxd1 {[%clk 0:47:41]} b6 {[%clk 0:41:50]}
30. f3 {[%clk 0:46:47]} f6 {[%clk 0:40:31]} 31. Kf2 {[%clk 0:46:17]} Kf7 {[%clk
0:40:31]} 32. Ke3 {[%clk 0:46:17]} Ke7 {[%clk 0:40:31]} 33. Bc2 {[%clk 0:46:17]}
Kd6 {[%clk 0:40:31]} 34. Bd1 {[%clk 0:46:42]} Kc5 {[%clk 0:40:31]} 35. Kd2 {[%clk
0:46:42]} Bd7 {[%clk 0:40:56]} 36. Kc2 {[%clk 0:47:06]} Bxb5 {[%clk 0:41:20]} 37.
axb5 {[%clk 0:47:31]} Kxb5 {[%clk 0:41:20]} 38. Kb2 {[%clk 0:47:54]} Kc5 {[%clk
0:41:20]} 39. Ka3 {[%clk 0:48:13]} b5 {[%clk 0:41:20]} 40. Bc2 {[%clk 0:48:33]}
b4+ {[%clk 0:41:45]} 41. Ka4 {[%clk 0:48:33]} b3 {[%clk 0:42:09]} 42. Bd1 {[%clk
0:48:33]} Kb6 {[%clk 0:42:01]} 1/2-1/2

[Event "Poznan Chess Festival"]
[Site "chess24.com"]
[Date "2021.08.15"]
[Round "2"]
[White "Nowak, Mikolaj"]
[Black "Jaworski, Mateusz"]
[Result "1-0"]
[Board "3"]
[WhiteElo "2313"]
[WhiteCountry "POL"]
[WhiteFideId "1191365"]
[WhiteEloChange "2"]
[BlackElo "1712"]
[BlackCountry "POL"]
[BlackFideId "1141155"]
[BlackEloChange "-2"]

1. d4 {[%clk 1:30:56]} Nf6 {[%clk 1:30:53]} 2. c4 {[%clk 1:31:21]} g6 {[%clk
1:31:08]} 3. Nc3 {[%clk 1:31:45]} Bg7 {[%clk 1:31:30]} 4. e4 {[%clk 1:32:08]} d6
{[%clk 1:31:54]} 5. Nge2 {[%clk 1:32:33]} O-O {[%clk 1:30:35]} 6. Ng3 {[%clk
1:32:57]} c5 {[%clk 1:25:00]} 7. d5 {[%clk 1:33:21]} e6 {[%clk 1:22:46]} 8. Be2
{[%clk 1:33:45]} exd5 {[%clk 1:22:03]} 9. exd5 {[%clk 1:34:07]} Re8 {[%clk
1:16:40]} 10. O-O {[%clk 1:34:22]} a6 {[%clk 1:09:52]} 11. Bf4 {[%clk 1:31:08]}
Qc7 {[%clk 1:03:10]} 12. Qd2 {[%clk 1:28:46]} Nbd7 {[%clk 0:58:42]} 13. Rfe1
{[%clk 1:27:55]} Ne5 {[%clk 0:55:10]} 14. h3 {[%clk 1:27:38]} Rb8 {[%clk
0:48:40]} 15. Bg5 {[%clk 1:13:16]} b6 {[%clk 0:31:15]} 16. a4 {[%clk 1:05:54]}
Kh8 {[%clk 0:26:01]} 17. Bf1 {[%clk 0:57:49]} Bb7 {[%clk 0:23:00]} 18. Bh6 {[%clk
0:55:29]} Ng8 {[%clk 0:22:26]} 19. Bxg7+ {[%clk 0:55:26]} Kxg7 {[%clk 0:22:48]}
20. f4 {[%clk 0:54:57]} Nd7 {[%clk 0:22:39]} 21. Nce4 {[%clk 0:54:10]} Ndf6
{[%clk 0:19:06]} 22. Qc3 {[%clk 0:53:14]} b5 {[%clk 0:11:51]} 23. axb5 {[%clk
0:51:44]} axb5 {[%clk 0:12:14]} 24. b3 {[%clk 0:52:02]} b4 {[%clk 0:11:58]} 25.
Qb2 {[%clk 0:52:08]} Qd8 {[%clk 0:09:13]} 26. Bd3 {[%clk 0:51:01]} Ra8 {[%clk
0:08:30]} 27. Kh2 {[%clk 0:49:43]} h5 {[%clk 0:06:14]} 28. Ng5 {[%clk 0:47:32]}
Rxa1 {[%clk 0:05:29]} 29. Rxa1 {[%clk 0:47:13]} Kf8 {[%clk 0:04:41]} 30. Qc2
{[%clk 0:44:25]} h4 {[%clk 0:03:07]} 31. Nf1 {[%clk 0:44:27]} Qe7 {[%clk
0:02:49]} 32. Ra7 {[%clk 0:41:55]} Nh5 {[%clk 0:01:41]} 33. Qf2 {[%clk 0:36:06]}
Ra8 {[%clk 0:01:03]} 34. Rxa8+ {[%clk 0:36:07]} Bxa8 {[%clk 0:01:28]} 35. Qxh4
{[%clk 0:36:10]} Kg7 {[%clk 0:01:27]} 36. Qf2 {[%clk 0:35:14]} Qf6 {[%clk
0:01:35]} 37. g3 {[%clk 0:35:01]} Qc3 {[%clk 0:01:54]} 38. Qc2 {[%clk 0:33:47]}
Qd4 {[%clk 0:01:53]} 39. Bxg6 {[%clk 0:32:19]} Nxf4 {[%clk 0:01:44]} 40. Bxf7
{[%clk 0:31:53]} Nf6 {[%clk 0:00:46]} 41. Ne6+ {[%clk 0:30:23]} Nxe6 {[%clk
0:01:14]} 42. Bxe6 {[%clk 0:30:44]} Ne4 {[%clk 0:00:56]} 43. Bf5 {[%clk 0:30:06]}
Ng5 {[%clk 0:00:51]} 44. Qe2 {[%clk 0:29:01]} Qf6 {[%clk 0:00:56]} 45. Ne3 {[%clk
0:27:11]} Qe5 {[%clk 0:00:43]} 46. Bd3 {[%clk 0:25:46]} Qc3 {[%clk 0:00:48]} 47.
Nf5+ {[%clk 0:25:21]} Kf8 {[%clk 0:00:36]} 48. Qe7+ {[%clk 0:25:54]} 1-0